Т. 3 : Проблемы индустриального и инфраструктурного развития регионов Сибири в условиях современных вызовов; Экономика Сибири в условиях глобальных вызовов XXI века

Bibliographic Details
Parent link:Экономика Сибири в условиях глобальных вызовов XXI века: сборник статей [по итогам Всероссийской научно-практической конференции с международным участием, г. Новосибирск, 18-20 июня 2018 г.]/ Российская академия наук (РАН), Сибирское отделение (СО), Институт экономики и организации промышленного производства (ИЭОПП). Т. 3 : Проблемы индустриального и инфраструктурного развития регионов Сибири в условиях современных вызовов.— , 2018
Other Authors: Суслов Н. И. (редактор), Ягольницер М. А., Мельтенисова Е. Н.
Summary:Сборник статей сформирован по итогам всероссийской научно-практической конференции с международным участием "Экономика Сибири в условиях глобальных вызовов XXI века" и содержит статьи докладов, представленные на секции 3 "Проблемы индустриального и инфраструктурного развития регионов Сибири в условиях современных вызовов". Материалы сборника содержат результаты исследований по таким наиболее актуальным направлениям как: региональная кластерная политика, перспективы и проблемы развития ключевых отраслей промышленности, таких как машиностроение и энергетика, возможность сотрудничества с КНР на приграничных территориях и ряд других. Публикуемые материалы могут содержать спорные авторские идеи и помещены в сборнике для дискуссии. Сборник предназначен для научных работников, преподавателей и студентов вузов, представителей государственной власти и бизнес сообщества, интересующихся актуальными проблемами социально-экономического развития Сибири.
Language:Russian
English
Published: 2018
Subjects:
Format: Book
KOHA link:https://koha.lib.tpu.ru/cgi-bin/koha/opac-detail.pl?biblionumber=341834

MARC

LEADER 00000nam2a2200000 4500
001 341834
005 20231102005405.0
010 |a 9785896653332 
035 |a (RuTPU)RU\TPU\book\370118 
035 |a RU\TPU\book\370117 
090 |a 341834 
100 |a 20181025d2018 k y0rusy50 ca 
101 0 |a rus  |a eng 
102 |a RU 
105 |a a z 111zy 
200 0 |a Т. 3 : Проблемы индустриального и инфраструктурного развития регионов Сибири в условиях современных вызовов  |f под ред. Н. И. Суслова, М. А. Ягольницера, Е. Н. Мельтенисовой 
210 |d 2018 
215 |a 186 с.  |c ил. 
320 |a Библиогр. в конце ст. 
330 |a Сборник статей сформирован по итогам всероссийской научно-практической конференции с международным участием "Экономика Сибири в условиях глобальных вызовов XXI века" и содержит статьи докладов, представленные на секции 3 "Проблемы индустриального и инфраструктурного развития регионов Сибири в условиях современных вызовов". Материалы сборника содержат результаты исследований по таким наиболее актуальным направлениям как: региональная кластерная политика, перспективы и проблемы развития ключевых отраслей промышленности, таких как машиностроение и энергетика, возможность сотрудничества с КНР на приграничных территориях и ряд других. Публикуемые материалы могут содержать спорные авторские идеи и помещены в сборнике для дискуссии. Сборник предназначен для научных работников, преподавателей и студентов вузов, представителей государственной власти и бизнес сообщества, интересующихся актуальными проблемами социально-экономического развития Сибири. 
461 1 |0 (RuTPU)RU\TPU\book\348558  |t Экономика Сибири в условиях глобальных вызовов XXI века  |o сборник статей [по итогам Всероссийской научно-практической конференции с международным участием, г. Новосибирск, 18-20 июня 2018 г.]  |o в 6 т.  |f Российская академия наук (РАН), Сибирское отделение (СО), Институт экономики и организации промышленного производства (ИЭОПП)  |v Т. 3 : Проблемы индустриального и инфраструктурного развития регионов Сибири в условиях современных вызовов  |d 2018 
606 1 |a Сибирь  |x Экономическая география  |2 stltpush  |3 (RuTPU)RU\TPU\subj\73219  |9 86350 
606 1 |a Сибирь  |x Экономика  |2 stltpush  |3 (RuTPU)RU\TPU\subj\36913  |9 58115 
610 1 |a региональная экономика 
610 1 |a социально-экономическое развитие 
610 1 |a экономическая безопасность 
610 1 |a обрабатывающие производства 
610 1 |a машиностроение 
610 1 |a кластерная политика 
610 1 |a иностранные инвестиции 
610 1 |a индустриальная экономика 
610 1 |a строительное дело 
610 1 |a стратегическое развитие 
610 1 |a Сибирский федеральный округ 
610 1 |a возобновляемые источники 
610 1 |a крупный бизнес 
610 1 |a транспортировка 
610 1 |a нефтегазовая промышленность 
610 1 |a газодобывающая отрасль 
610 1 |a софт-менеджмент 
610 1 |a культура 
610 1 |a энергетика 
610 1 |a региональная политика 
610 1 |a материалы конференций 
686 |a У04(2Р5)л0  |v LBC/SL-A  |2 rubbk 
686 |a У9(2Р5)л0  |v LBC/SL-A  |2 rubbk 
702 1 |a Суслов  |b Н. И.  |4 340 
702 1 |a Ягольницер  |b М. А.  |4 340 
702 1 |a Мельтенисова  |b Е. Н.  |4 340 
801 1 |a RU  |b 63413507  |c 20181025 
801 2 |a RU  |b 63413507  |c 20181119  |g RCR 
942 |c BK